[Event "CAN-op"]
[Site "Winnipeg CAN"]
[Date "1997.07.16"]
[Round "6"]
[White "Vukadinov, Milan"]
[Black "Hergott, Deen"]
[Result "1-0"]
[WhiteElo "2396"]
[BlackElo "2550"]
[PlyCount "47"]
[EventDate "1997.07.12"]
[EventType "swiss"]
[EventRounds "10"]
[EventCountry "CAN"]
[Source "ChessBase"]
[SourceDate "1997.11.24"]

1. d4 d5 2. c4 c6 3. Nf3 Nf6 4. Nc3 dxc4 5. a4 Bf5 6. Ne5 e6 7. f3 Bb4 8. Nxc4
Nd5 9. Bd2 Qh4+ 10. g3 Qxd4 11. e3 Qf6 12. e4 Nxc3 13. bxc3 Bxc3 14. Rc1 Bxd2+
15. Qxd2 Bg6 16. Nd6+ Kf8 17. Nxb7 Nd7 18. Be2 Qe7 19. O-O Nf6 20. Na5 c5 21.
Qe3 Rc8 22. Ba6 Rc7 23. Bb5 Nd7 24. Nc6 1-0

[Event "CAN-op"]
[Site "Winnipeg CAN"]
[Date "1997.07.17"]
[Round "7"]
[White "Hergott, Deen"]
[Black "Kollar, Frank"]
[Result "1/2-1/2"]
[WhiteElo "2550"]
[BlackElo "2157"]
[PlyCount "133"]
[EventDate "1997.07.12"]
[EventType "swiss"]
[EventRounds "10"]
[EventCountry "CAN"]
[Source "ChessBase"]
[SourceDate "1997.11.24"]

1. d4 d5 2. c4 e6 3. Nf3 Nf6 4. g3 c6 5. Qc2 Nbd7 6. Bg2 Be7 7. O-O O-O 8. Nbd2
b6 9. e4 dxe4 10. Nxe4 Nxe4 11. Qxe4 Ba6 12. Qc2 Bb7 13. Bf4 Re8 14. Rad1 Rc8
15. Rfe1 Nf8 16. h4 Bd6 17. Bxd6 Qxd6 18. c5 Qc7 19. Ne5 b5 20. Be4 f6 21. Nf3
Qf7 22. a4 a6 23. Ra1 Ra8 24. Ra3 Red8 25. Qc3 Qc7 26. b4 Rab8 27. axb5 axb5
28. Nd2 Rd7 29. Nb3 Rbd8 30. Ra7 Qb8 31. Rea1 Rc7 32. R7a2 Rcd7 33. Qf3 Rc7 34.
h5 f5 35. Bc2 h6 36. Qe3 Rcd7 37. Qe5 Qc8 38. Ra7 Rd5 39. Qe3 Qb8 40. f4 R5d7
41. R7a2 Kf7 42. Na5 Re7 43. Re1 Qc7 44. Bb3 Bc8 45. Rd2 Nh7 46. Qe5 Kf8 47.
Qxc7 Rxc7 48. Bxe6 Re8 49. Rde2 Rce7 50. Bxc8 Rxe2 51. Rxe2 Rxe2 52. Nxc6 Nf6
53. Bxf5 Nd5 54. Bd3 Rb2 55. Bxb5 Nxb4 56. Ne5 Ke7 57. c6 Kd8 58. Nc4 Rb1+ 59.
Kf2 Nc2 60. Ba4 Nxd4 61. Ke3 Ne6 62. Bc2 Rc1 63. Bd3 Kc7 64. Ne5 Nd8 65. Be4
Rc3+ 66. Kf2 Ne6 67. Kg2 1/2-1/2

[Event "CAN-op"]
[Site "Winnipeg CAN"]
[Date "1997.07.18"]
[Round "8"]
[White "Hergott, Deen"]
[Black "Roque, Rodolfo"]
[Result "1-0"]
[WhiteElo "2550"]
[BlackElo "1920"]
[PlyCount "61"]
[EventDate "1997.07.12"]
[EventType "swiss"]
[EventRounds "10"]
[EventCountry "CAN"]
[Source "ChessBase"]
[SourceDate "1997.11.24"]

1. d4 d6 2. Nf3 Bg4 3. e4 Nd7 4. h3 Bh5 5. Nc3 e5 6. Be2 h6 7. dxe5 dxe5 8.
Nxe5 Bxe2 9. Qxd7+ Qxd7 10. Nxd7 Kxd7 11. Kxe2 Re8 12. f3 f5 13. Be3 Bb4 14.
Nd5 a5 15. Nxb4 axb4 16. exf5 Nf6 17. Rhd1+ Kc6 18. Kf2 Re5 19. g4 Nd5 20. Bd4
Re7 21. Re1 Rf7 22. Rad1 Rhf8 23. Re6+ Kb5 24. Bxg7 Rxg7 25. Rxd5+ Kc4 26. Rd3
Rh7 27. Re5 c5 28. a4 bxa3 29. Rc3+ Kb4 30. Rexc5 axb2 31. R3c4+ 1-0

[Event "CAN-op"]
[Site "Winnipeg CAN"]
[Date "1997.07.19"]
[Round "9"]
[White "Huber, Greg"]
[Black "Hergott, Deen"]
[Result "0-1"]
[WhiteElo "2363"]
[BlackElo "2550"]
[PlyCount "90"]
[EventDate "1997.07.12"]
[EventType "swiss"]
[EventRounds "10"]
[EventCountry "CAN"]
[Source "ChessBase"]
[SourceDate "1997.11.24"]

1. e4 e6 2. d4 d5 3. Nd2 Nf6 4. e5 Nfd7 5. Bd3 c5 6. c3 Nc6 7. Ne2 cxd4 8. cxd4
f6 9. exf6 Nxf6 10. O-O Bd6 11. Nf3 Qc7 12. Nc3 a6 13. Re1 O-O 14. Bg5 Ng4 15.
g3 Qf7 16. Be2 e5 17. dxe5 Bc5 18. Rf1 Be6 19. Bf4 Qh5 20. h4 Rxf4 21. gxf4
Nxf2 22. Rxf2 Qg4+ 23. Kf1 Qg3 24. Rg2 Bh3 25. Qxd5+ Kh8 26. Nd4 Bxd4 27. Qf3
Qh2 28. Bxa6 Rxa6 29. Rd1 Bxg2+ 30. Qxg2 Qxf4+ 31. Ke2 Bxc3 32. Qxc6 Qxe5+ 33.
Kf1 Qf6+ 34. Qxf6 Rxf6+ 35. Ke2 Bb4 36. Rd7 b6 37. a3 Bf8 38. Rb7 h5 39. b4 Kh7
40. a4 Bxb4 41. Ke3 Bc5+ 42. Ke4 Rd6 43. Ke5 Rd4 44. a5 bxa5 45. Rc7 Bd6+ 0-1

[Event "CAN-op"]
[Site "Winnipeg CAN"]
[Date "1997.07.20"]
[Round "10"]
[White "Nickoloff, Bryon"]
[Black "Hergott, Deen"]
[Result "1/2-1/2"]
[WhiteElo "2473"]
[BlackElo "2550"]
[PlyCount "132"]
[EventDate "1997.07.12"]
[EventType "swiss"]
[EventRounds "10"]
[EventCountry "CAN"]
[Source "ChessBase"]
[SourceDate "1997.11.24"]

1. d4 g6 2. e4 Bg7 3. c4 d6 4. Nc3 e5 5. Nf3 exd4 6. Nxd4 Ne7 7. Be2 Nbc6 8.
Be3 O-O 9. Qd2 f5 10. exf5 Bxd4 11. Bxd4 Nxf5 12. Be3 Nxe3 13. Qxe3 Bf5 14. O-O
Qf6 15. Rad1 Rae8 16. Qd2 Be6 17. b3 b6 18. f4 a6 19. Bf3 Nd8 20. g3 Kh8 21.
Rfe1 Qg7 22. Nd5 Bg8 23. Kg2 b5 24. cxb5 axb5 25. Nb4 c5 26. Nc6 c4 27. Nd4
cxb3 28. axb3 Ne6 29. Nxb5 Rb8 30. Nd4 Nxd4 31. Qxd4 Qxd4 32. Rxd4 Rxb3 33.
Rxd6 g5 34. Rd4 gxf4 35. gxf4 Kg7 36. Re5 Bf7 37. Rd7 Kf6 38. Rd6+ Kg7 39. Rg5+
Bg6 40. Rd7+ Kh8 41. Rd4 Bf5 42. Bg4 Bxg4 43. Rxg4 Rg8 44. Rg3 Rb2+ 45. Kh3 Rf2
46. Rxg8+ Kxg8 47. Kg3 Ra2 48. Rd7 Ra5 49. h3 Rb5 50. Re7 Ra5 51. Kg4 h6 52. f5
Rb5 53. h4 Ra5 54. f6 Rb5 55. Kf4 Ra5 56. Re5 Ra4+ 57. Kf5 Rxh4 58. Ke6 Ra4 59.
Rb5 Ra6+ 60. Kf5 Ra1 61. Rb8+ Kf7 62. Rb7+ Kf8 63. Kg6 Rg1+ 64. Kxh6 Rh1+ 65.
Kg6 Rg1+ 66. Kh6 Rh1+ 1/2-1/2

[Event "Eastern Ontario op"]
[Site "Ottawa CAN"]
[Date "1997.06.14"]
[Round "1"]
[White "Hergott, Deen"]
[Black "Brice, Ron"]
[Result "1-0"]
[WhiteElo "2555"]
[BlackElo "2227"]
[PlyCount "77"]
[EventDate "1997.06.14"]
[EventType "swiss"]
[EventRounds "5"]
[EventCountry "CAN"]

1. d4 c5 2. d5 e5 3. e4 d6 4. Bb5+ Bd7 5. a4 Be7 6. Nf3 Nf6 7. Nc3 O-O 8. h3
Ne8 9. g4 a5 10. Bc4 Na6 11. Ra3 Nac7 12. Be3 b6 13. Kd2 h6 14. Kc1 Kh7 15. Qg1
g6 16. Kb1 Ng7 17. Qc1 g5 18. Qg1 f6 19. h4 Kg6 20. Nd2 Rh8 21. Nb5 Na6 22. Be2
Nc7 23. Rb3 Rh7 24. Nc3 Rb8 25. Nc4 Na8 26. Nb5 Bxb5 27. Rxb5 Qd7 28. Nxa5 Rc8
29. Nc4 Qa7 30. a5 bxa5 31. Rxa5 Qb7 32. Qh2 Nc7 33. hxg5 fxg5 34. Bd3 Nce8 35.
f4 Nf6 36. Ra6 Nxg4 37. Qg1 Nxe3 38. Nxe5+ Kf6 39. Rxh6+ 1-0

[Event "Eastern Ontario op"]
[Site "Ottawa CAN"]
[Date "1997.06.14"]
[Round "2"]
[White "Valdizon, Armando"]
[Black "Hergott, Deen"]
[Result "0-1"]
[WhiteElo "2303"]
[BlackElo "2555"]
[PlyCount "42"]
[EventDate "1997.06.14"]
[EventType "swiss"]
[EventRounds "5"]
[EventCountry "CAN"]

1. d4 g6 2. c4 Bg7 3. Nc3 c5 4. d5 Bxc3+ 5. bxc3 f5 6. e4 fxe4 7. f3 e5 8. Qc2
exf3 9. Nxf3 d6 10. Bd3 Ne7 11. O-O h6 12. Bxg6+ Kd7 13. Bh7 Qe8 14. Be3 Kc7
15. Nd2 Nd7 16. Rf2 b5 17. Raf1 bxc4 18. Nxc4 Bb7 19. Be4 Bxd5 20. Bxd5 Nxd5
21. Qg6 Qxg6 0-1

[Event "Eastern Ontario op"]
[Site "Ottawa CAN"]
[Date "1997.06.14"]
[Round "3"]
[White "Hergott, Deen"]
[Black "Awate, Avinash"]
[Result "1/2-1/2"]
[WhiteElo "2555"]
[BlackElo "2363"]
[PlyCount "85"]
[EventDate "1997.06.14"]
[EventType "swiss"]
[EventRounds "5"]
[EventCountry "CAN"]

1. d4 d5 2. c4 e6 3. Nc3 Nf6 4. cxd5 exd5 5. Bg5 Be7 6. e3 O-O 7. Bd3 c6 8. Qc2
h6 9. Bh4 Nbd7 10. Nf3 Re8 11. O-O Ne4 12. Bxe7 Qxe7 13. Bxe4 dxe4 14. Nd2 Nf6
15. Rae1 Bf5 16. f4 Rad8 17. Qa4 a6 18. b4 Nd5 19. Nxd5 Rxd5 20. Rc1 Be6 21.
Rc5 b6 22. Rc2 a5 23. Qxc6 Rc8 24. Qa4 Rxc2 25. Qxc2 Rh5 26. f5 Rxf5 27. Rxf5
Bxf5 28. bxa5 bxa5 29. Qc5 Qg5 30. Nf1 Be6 31. Qxg5 hxg5 32. a3 f5 33. Ng3 Kf7
34. Kf2 Kf6 35. Ne2 Bc4 36. Nc3 Bd3 37. g3 Ke6 38. h4 g4 39. Ke1 Kd6 40. Kd2
Bc4 41. Na4 Bb5 42. Nc3 Bc4 43. Na4 1/2-1/2

[Event "Eastern Ontario op"]
[Site "Ottawa CAN"]
[Date "1997.06.15"]
[Round "4"]
[White "Djerkovic, Miladin"]
[Black "Hergott, Deen"]
[Result "1/2-1/2"]
[WhiteElo "2380"]
[BlackElo "2555"]
[PlyCount "45"]
[EventDate "1997.06.14"]
[EventType "swiss"]
[EventRounds "5"]
[EventCountry "CAN"]

1. e4 d5 2. exd5 Qxd5 3. Nc3 Qa5 4. d4 Nf6 5. Bc4 c6 6. Nf3 Bg4 7. h3 Bh5 8. g4
Bg6 9. Ne5 e6 10. h4 Bb4 11. Bd2 Qb6 12. Be3 Bxc3+ 13. bxc3 Qa5 14. Bd2 Nbd7
15. Nxd7 Nxd7 16. h5 Be4 17. f3 Bd5 18. Bd3 Qc7 19. Rh3 b5 20. a4 a6 21. Qe2
O-O 22. f4 f6 23. c4 1/2-1/2

[Event "Eastern Ontario op"]
[Site "Ottawa CAN"]
[Date "1997.06.15"]
[Round "5"]
[White "Hergott, Deen"]
[Black "Schleifer, Michael"]
[Result "1/2-1/2"]
[WhiteElo "2555"]
[BlackElo "2429"]
[PlyCount "79"]
[EventDate "1997.06.14"]
[EventType "swiss"]
[EventRounds "5"]
[EventCountry "CAN"]

1. Nf3 d5 2. c4 c6 3. d4 Nf6 4. Nc3 g6 5. Bf4 Bg7 6. e3 O-O 7. h3 Qa5 8. Qd2
Nbd7 9. cxd5 Nxd5 10. Nxd5 Qxd5 11. Rc1 Qxa2 12. Bc4 Qa4 13. b3 Qa3 14. O-O Nb6
15. Ra1 Nxc4 16. bxc4 Qb3 17. Rfc1 Qb6 18. Rcb1 Qd8 19. c5 Qd5 20. Ra3 Re8 21.
Qe2 h6 22. e4 Qd8 23. Qe3 Kh7 24. Ne5 Rf8 25. Rba1 g5 26. Bg3 f6 27. Nc4 f5 28.
Be5 Bxe5 29. Nxe5 fxe4 30. Rxa7 Rxa7 31. Rxa7 Qd5 32. Ra8 Kg7 33. h4 g4 34. Kh2
Qe6 35. Qxe4 Qf6 36. Rxc8 Qxh4+ 37. Kg1 Qxf2+ 38. Kh2 Qh4+ 39. Kg1 Qf2+ 40. Kh2
1/2-1/2

[Event "Van der Wel op"]
[Site "Hamilton CAN"]
[Date "1997.05.03"]
[Round "1"]
[White "Hergott, Deen"]
[Black "Zakrajsek, Aljosa"]
[Result "1-0"]
[WhiteElo "2556"]
[BlackElo "2040"]
[PlyCount "75"]
[EventDate "1997.05.03"]
[EventType "swiss"]
[EventRounds "5"]
[EventCountry "CAN"]

1. d4 d5 2. c4 Nc6 3. e3 e6 4. Nf3 g6 5. Nc3 Bg7 6. cxd5 exd5 7. b3 Nge7 8. Ba3
O-O 9. Bb5 Re8 10. O-O Bd7 11. Rc1 a5 12. Qd2 Na7 13. Bxd7 Qxd7 14. Ne5 Qe6 15.
Nd3 c6 16. Na4 Nb5 17. Bc5 Nf5 18. Nf4 Qe4 19. Rfe1 Nh4 20. Qd3 f5 21. f3 Qxd3
22. Nxd3 g5 23. Kf2 g4 24. Nb6 Rad8 25. a4 Nc7 26. b4 axb4 27. Bxb4 Ne6 28. f4
Ng6 29. a5 Kf7 30. a6 bxa6 31. Rxc6 Nxd4 32. exd4 Bxd4+ 33. Kf1 Rxe1+ 34. Kxe1
Be3 35. g3 Bg1 36. Rc7+ Ke8 37. Nc8 Bxh2 38. Kf2 1-0

[Event "Van der Wel op"]
[Site "Hamilton CAN"]
[Date "1997.05.03"]
[Round "2"]
[White "Wight, Keith"]
[Black "Hergott, Deen"]
[Result "0-1"]
[WhiteElo "2175"]
[BlackElo "2556"]
[PlyCount "82"]
[EventDate "1997.05.03"]
[EventType "swiss"]
[EventRounds "5"]
[EventCountry "CAN"]

1. e4 c5 2. Nf3 Nc6 3. d4 cxd4 4. Nxd4 g6 5. c4 Bg7 6. Be3 Nf6 7. Nc3 O-O 8.
Be2 b6 9. O-O Bb7 10. Nc2 Rc8 11. f3 Na5 12. Na3 Ne8 13. Qd2 Nd6 14. b3 f5 15.
exf5 Nxf5 16. Bf2 d5 17. Rad1 d4 18. Ne4 Bh6 19. Qd3 Nc6 20. Qb1 Ne3 21. Bxe3
Bxe3+ 22. Kh1 Nb4 23. Nc2 Bxe4 24. fxe4 Nxc2 25. Qxc2 Qd6 26. Rf3 Rxf3 27. Bxf3
Rd8 28. Qe2 Bf4 29. g3 d3 30. Qg2 Be5 31. Qd2 Qf6 32. Kg2 Bc3 33. Qe3 Qd4 34.
Kf2 Qe5 35. Qf4 Qa5 36. a4 Qc5+ 37. Kg2 d2 38. Bg4 Rf8 39. Be6+ Kg7 40. Qh4
Rf2+ 41. Kh3 Bf6 0-1

[Event "Van der Wel op"]
[Site "Hamilton CAN"]
[Date "1997.05.03"]
[Round "3"]
[White "Hergott, Deen"]
[Black "Djerkovic, Miladin"]
[Result "1-0"]
[WhiteElo "2556"]
[BlackElo "2391"]
[PlyCount "61"]
[EventDate "1997.05.03"]
[EventType "swiss"]
[EventRounds "5"]
[EventCountry "CAN"]

1. d4 Nf6 2. Nf3 e6 3. c4 b6 4. Nc3 Bb7 5. Qc2 Bb4 6. Bg5 h6 7. Bh4 g5 8. Bg3
Ne4 9. Be5 f6 10. d5 exd5 11. cxd5 Nxc3 12. Bxc3 Bxc3+ 13. Qxc3 Bxd5 14. O-O-O
Be4 15. h4 g4 16. Nd4 Qe7 17. f3 Bb7 18. Qxc7 Ba6 19. e4 Qc5+ 20. Qxc5 bxc5 21.
Nf5 gxf3 22. gxf3 Bxf1 23. Rhxf1 a5 24. Rg1 Nc6 25. Rd6 Nd4 26. Nxd4 cxd4 27.
Rxd4 Rc8+ 28. Kd2 Rc5 29. Rg7 Rc7 30. Rd6 Rf8 31. Ra6 1-0

[Event "Van der Wel op"]
[Site "Hamilton CAN"]
[Date "1997.05.04"]
[Round "4"]
[White "Filipovich, David"]
[Black "Hergott, Deen"]
[Result "1/2-1/2"]
[WhiteElo "2314"]
[BlackElo "2556"]
[PlyCount "34"]
[EventDate "1997.05.03"]
[EventType "swiss"]
[EventRounds "5"]
[EventCountry "CAN"]

1. Nf3 Nc6 2. d4 d5 3. g3 Bg4 4. Bg2 Qd7 5. h3 Bf5 6. c3 h6 7. Nbd2 g5 8. h4 g4
9. Ne5 Nxe5 10. dxe5 Bg7 11. Nb3 Bxe5 12. Qxd5 Qxd5 13. Bxd5 c6 14. Bg2 Nf6 15.
Be3 Nd5 16. Bd4 Bxd4 17. Nxd4 Bh7 1/2-1/2

[Event "Van der Wel op"]
[Site "Hamilton CAN"]
[Date "1997.05.04"]
[Round "5"]
[White "Hergott, Deen"]
[Black "Taylor, Gordon"]
[Result "1/2-1/2"]
[WhiteElo "2556"]
[BlackElo "2402"]
[PlyCount "53"]
[EventDate "1997.05.03"]
[EventType "swiss"]
[EventRounds "5"]
[EventCountry "CAN"]

1. Nf3 c5 2. c4 Nf6 3. g3 d5 4. cxd5 Nxd5 5. Nc3 Nc7 6. Bg2 Nc6 7. O-O e5 8. d3
Be7 9. Nd2 Bd7 10. Nc4 f6 11. f4 b5 12. Ne3 Rc8 13. fxe5 Nxe5 14. Kh1 O-O 15.
Nf5 Bxf5 16. Rxf5 Qd7 17. Rf1 Kh8 18. Bf4 Ng6 19. Bxc7 Rxc7 20. a4 b4 21. Nd5
Rcc8 22. Rc1 Bd6 23. e3 Ne7 24. Qh5 g6 25. Qf3 Nxd5 26. Qxd5 Qe7 27. Rc4
1/2-1/2

[Event "Arnprior"]
[Site "Arnprior CAN"]
[Date "1997.04.26"]
[Round "1"]
[White "Hergott, Deen"]
[Black "Gould, Charles"]
[Result "1-0"]
[WhiteElo "2543"]
[BlackElo "2065"]
[PlyCount "29"]
[EventDate "1997.04.26"]
[EventType "swiss"]
[EventRounds "5"]
[EventCountry "CAN"]

1. d4 f5 2. Bg5 c6 3. e3 g6 4. h4 Bg7 5. Bd3 Qa5+ 6. Nd2 e5 7. dxe5 Bxe5 8. c3
Qc7 9. Nc4 Bh2 10. Nf3 h6 11. Bxf5 gxf5 12. Rxh2 hxg5 13. Qd4 Rxh4 14. Nd6+ Kd8
15. Rxh4 1-0

[Event "Arnprior"]
[Site "Arnprior CAN"]
[Date "1997.04.26"]
[Round "2"]
[White "Trottier, Stephane"]
[Black "Hergott, Deen"]
[Result "0-1"]
[WhiteElo "2130"]
[BlackElo "2543"]
[PlyCount "56"]
[EventDate "1997.04.26"]
[EventType "swiss"]
[EventRounds "5"]
[EventCountry "CAN"]

1. e4 e5 2. Bc4 Nf6 3. d3 c6 4. Bg5 d5 5. exd5 cxd5 6. Bxf6 gxf6 7. Bb3 Nc6 8.
Nf3 Rg8 9. Rg1 Qa5+ 10. Qd2 Bb4 11. c3 Bf8 12. Na3 Bxa3 13. bxa3 Bg4 14. O-O-O
Qxa3+ 15. Qb2 Qxb2+ 16. Kxb2 O-O-O 17. h3 Bxf3 18. gxf3 Ne7 19. d4 Rxg1 20.
Rxg1 Ng6 21. Bc2 Kd7 22. f4 Nxf4 23. dxe5 fxe5 24. Rg7 Ke7 25. Rxh7 Rg8 26. h4
Rg2 27. h5 Rxf2 28. h6 e4 0-1

[Event "Arnprior"]
[Site "Arnprior CAN"]
[Date "1997.04.26"]
[Round "3"]
[White "Hergott, Deen"]
[Black "Taylor, Gordon"]
[Result "1-0"]
[WhiteElo "2543"]
[BlackElo "2411"]
[PlyCount "47"]
[EventDate "1997.04.26"]
[EventType "swiss"]
[EventRounds "5"]
[EventCountry "CAN"]

1. d4 Nf6 2. c4 e6 3. Nf3 d5 4. Nc3 c5 5. cxd5 Nxd5 6. Bd2 Nc6 7. dxc5 Bxc5 8.
e4 Nxc3 9. Bxc3 Qb6 10. Bd3 Bb4 11. Qd2 O-O 12. O-O Bd7 13. e5 Bxc3 14. bxc3 h6
15. Rab1 Qc7 16. Qe3 b6 17. Qe4 g6 18. Rfe1 Qd8 19. Rbd1 Qe7 20. Bb5 Rac8 21.
Rxd7 Qxd7 22. Nd4 Qe7 23. Bxc6 Qc5 24. Bd7 1-0

[Event "Arnprior"]
[Site "Arnprior CAN"]
[Date "1997.04.27"]
[Round "4"]
[White "Awate, Avinash"]
[Black "Hergott, Deen"]
[Result "0-1"]
[WhiteElo "2365"]
[BlackElo "2543"]
[PlyCount "48"]
[EventDate "1997.04.26"]
[EventType "swiss"]
[EventRounds "5"]
[EventCountry "CAN"]

1. e4 e6 2. d4 d5 3. Nd2 Nc6 4. c3 e5 5. dxe5 dxe4 6. Nxe4 Qxd1+ 7. Kxd1 Nxe5
8. Bf4 Nf6 9. Nxf6+ gxf6 10. Be2 Bf5 11. Bxe5 fxe5 12. Nf3 O-O-O+ 13. Ke1 Bh6
14. Rd1 Rxd1+ 15. Bxd1 Bc1 16. b3 Rd8 17. Nh4 Bd2+ 18. Ke2 Bg4+ 19. f3 Be6 20.
g4 Bg5 21. Nf5 Rd2+ 22. Ke1 Rxa2 23. c4 Bxf5 24. gxf5 Bh4+ 0-1

[Event "Arnprior"]
[Site "Arnprior CAN"]
[Date "1997.04.27"]
[Round "5"]
[White "Hergott, Deen"]
[Black "Cote, Jacques"]
[Result "1-0"]
[WhiteElo "2543"]
[BlackElo "2181"]
[PlyCount "125"]
[EventDate "1997.04.26"]
[EventType "swiss"]
[EventRounds "5"]
[EventCountry "CAN"]

1. c4 c5 2. g3 g6 3. Bg2 Bg7 4. Nc3 Nc6 5. a3 Nf6 6. Rb1 a5 7. d3 O-O 8. e4 d6
9. Nge2 e5 10. O-O Bg4 11. f3 Bd7 12. h3 Rb8 13. f4 Qc8 14. Kh2 Ne8 15. Be3 Nc7
16. Qd2 Nd4 17. b4 axb4 18. axb4 b5 19. bxc5 dxc5 20. cxb5 Nxe2 21. Nxe2 Rxb5
22. Nc3 Rxb1 23. Rxb1 exf4 24. gxf4 Bd4 25. Bxd4 cxd4 26. Ne2 Nb5 27. Rc1 Qb8
28. Qb4 Rc8 29. Rxc8+ Bxc8 30. e5 Qb6 31. Ng3 Bb7 32. Ne4 Bxe4 33. Bxe4 Qa6 34.
Bd5 Nc3 35. Bc4 Qa7 36. e6 fxe6 37. Qd6 Kg7 38. Bxe6 Nd1 39. Kg3 Ne3 40. Bd7
Nf5+ 41. Bxf5 gxf5 42. Qe5+ Kg6 43. Qe6+ Kg7 44. Qxf5 h6 45. Qe5+ Kf7 46. f5
Qb6 47. Kf4 h5 48. Qe6+ Qxe6 49. fxe6+ Kxe6 50. Ke4 Kf6 51. Kxd4 Kg5 52. Ke4
Kh4 53. d4 Kxh3 54. d5 Kg2 55. d6 h4 56. d7 h3 57. d8=Q h2 58. Qg5+ Kf1 59.
Qf4+ Kg2 60. Qf3+ Kg1 61. Ke3 h1=N 62. Qg4+ Kh2 63. Kf3 1-0

[Event "Toronto op"]
[Site "Toronto CAN"]
[Date "1997.03.28"]
[Round "1"]
[White "Heringer, Chris"]
[Black "Hergott, Deen"]
[Result "1/2-1/2"]
[WhiteElo "2228"]
[BlackElo "2532"]
[PlyCount "96"]
[EventDate "1997.03.28"]
[EventType "swiss"]
[EventRounds "6"]
[EventCountry "CAN"]

1. d4 d5 2. c4 e6 3. Nc3 c6 4. Nf3 Nf6 5. e3 Nbd7 6. Bd3 dxc4 7. Bxc4 b5 8. Bd3
b4 9. Na4 c5 10. O-O cxd4 11. Qe2 dxe3 12. Bxe3 Bd6 13. Bb5 Bb7 14. Rfd1 Qe7
15. Ne5 Rd8 16. Nc4 Bd5 17. Nxd6+ Qxd6 18. Bc5 Qb8 19. Bxb4 a6 20. Bxd7+ Rxd7
21. Ba3 Qb5 22. Nc3 Qxe2 23. Nxe2 Kd8 24. Nf4 Be4 25. f3 Bf5 26. Bb4 Rxd1+ 27.
Rxd1+ Kc7 28. Kf2 Rc8 29. Bc3 Ne8 30. g4 Bg6 31. h4 h6 32. h5 Bh7 33. Ke3 Bg8
34. Nd3 f6 35. Nc5 Kb6 36. Ne4 e5 37. Nd6 Nxd6 38. Rxd6+ Rc6 39. Rxc6+ Kxc6 40.
a3 Bb3 41. Ke4 Bc2+ 42. Ke3 Kd5 43. Bb4 Bb1 44. Bf8 g6 45. hxg6 Bxg6 46. Bxh6
Be8 47. Bg7 Ke6 48. Bf8 Ba4 1/2-1/2

[Event "Toronto op"]
[Site "Toronto CAN"]
[Date "1997.03.28"]
[Round "2"]
[White "Hergott, Deen"]
[Black "Kleist, Frederick"]
[Result "1-0"]
[WhiteElo "2532"]
[BlackElo "2001"]
[PlyCount "34"]
[EventDate "1997.03.28"]
[EventType "swiss"]
[EventRounds "6"]
[EventCountry "CAN"]

1. d4 Nf6 2. Nf3 e6 3. c4 d5 4. g3 Be7 5. Bg2 O-O 6. O-O dxc4 7. Ne5 Nbd7 8.
Nxc4 c5 9. dxc5 Nxc5 10. Nc3 a5 11. Qxd8 Rxd8 12. Bf4 a4 13. Bc7 Rf8 14. Nb6
Ra6 15. Rfd1 Bd7 16. Nxd7 Nfxd7 17. Nb5 Nb8 1-0

[Event "Toronto op"]
[Site "Toronto CAN"]
[Date "1997.03.29"]
[Round "3"]
[White "Taylor, Gordon"]
[Black "Hergott, Deen"]
[Result "0-1"]
[WhiteElo "2411"]
[BlackElo "2532"]
[PlyCount "46"]
[EventDate "1997.03.28"]
[EventType "swiss"]
[EventRounds "6"]
[EventCountry "CAN"]

1. Nf3 c5 2. c4 Nf6 3. g3 b6 4. Bg2 Bb7 5. O-O g6 6. Nc3 Bg7 7. d4 cxd4 8. Qxd4
Nc6 9. Qd3 O-O 10. Bd2 Nb4 11. Qb1 Rc8 12. a3 Na6 13. Qa2 d5 14. cxd5 Nxd5 15.
Rfd1 Nc5 16. Rac1 e6 17. Be1 Qe7 18. b4 Bxc3 19. Bxc3 Na4 20. Ba1 Ndc3 21. Qd2
Nxd1 22. Rxc8 Rxc8 23. Qxd1 Qd8 0-1

[Event "Toronto op"]
[Site "Toronto CAN"]
[Date "1997.03.29"]
[Round "4"]
[White "Spraggett, Grant"]
[Black "Hergott, Deen"]
[Result "0-1"]
[WhiteElo "2405"]
[BlackElo "2532"]
[PlyCount "84"]
[EventDate "1997.03.28"]
[EventType "swiss"]
[EventRounds "6"]
[EventCountry "CAN"]

1. c4 e6 2. Nf3 Nf6 3. g3 a6 4. Bg2 b5 5. d3 Bb7 6. O-O c5 7. Nbd2 Nc6 8. b3
Be7 9. Bb2 O-O 10. Rc1 Qb6 11. Qc2 d6 12. Rfd1 Rfd8 13. Qb1 Ne8 14. e3 Bf6 15.
Bxf6 Nxf6 16. Ne4 Nxe4 17. dxe4 bxc4 18. Rxc4 Rac8 19. Rdc1 h6 20. R4c3 Na7 21.
Ne1 a5 22. a4 Ba6 23. Qc2 Nc6 24. Rd1 Nb4 25. Qb1 d5 26. exd5 exd5 27. Nc2 d4
28. exd4 cxd4 29. Rxc8 Bxc8 30. Nxb4 Qxb4 31. Qd3 Be6 32. Rb1 Rc8 33. Qa6 Qd2
34. Bf1 Rc2 35. Qa8+ Kh7 36. Qf3 g6 37. Rd1 Qc3 38. Rd3 Qa1 39. Rd1 Qc3 40. Rd3
Qc5 41. Qf6 Rc1 42. g4 Qc2 0-1

[Event "Toronto op"]
[Site "Toronto CAN"]
[Date "1997.03.30"]
[Round "5"]
[White "Hergott, Deen"]
[Black "Livshits, Ron"]
[Result "1-0"]
[WhiteElo "2532"]
[BlackElo "2488"]
[PlyCount "73"]
[EventDate "1997.03.28"]
[EventType "swiss"]
[EventRounds "6"]
[EventCountry "CAN"]

1. d4 d5 2. Nf3 Nf6 3. c4 c6 4. Nc3 a6 5. a4 e6 6. e3 Nbd7 7. Be2 Bb4 8. O-O
O-O 9. Qc2 Qe7 10. b3 b6 11. Bb2 Bb7 12. Ne5 Rac8 13. Nxd7 Qxd7 14. c5 bxc5 15.
Na2 Qe7 16. Bd3 a5 17. Rfc1 cxd4 18. Nxb4 c5 19. Na2 c4 20. bxc4 dxc4 21. Bxc4
Ng4 22. Qe2 Ne5 23. Ba6 d3 24. Bxd3 Nf3+ 25. gxf3 Qg5+ 26. Kh1 Qh5 27. e4 f5
28. Rxc8 Rxc8 29. Rc1 Rd8 30. Rc7 Ba8 31. Rxg7+ Kf8 32. Rg1 e5 33. Qe3 Kf7 34.
Qa7+ Kf6 35. Qg7+ Ke6 36. Qxe5+ Kd7 37. Rg7+ 1-0

[Event "Toronto op"]
[Site "Toronto CAN"]
[Date "1997.03.30"]
[Round "6"]
[White "Hergott, Deen"]
[Black "Findlay, Ian"]
[Result "1/2-1/2"]
[WhiteElo "2532"]
[BlackElo "2428"]
[PlyCount "20"]
[EventDate "1997.03.28"]
[EventType "swiss"]
[EventRounds "6"]
[EventCountry "CAN"]

1. Nf3 c5 2. c4 Nf6 3. Nc3 d5 4. cxd5 Nxd5 5. e4 Nb4 6. Bb5+ N8c6 7. d4 cxd4 8.
a3 dxc3 9. Qxd8+ Kxd8 10. axb4 f6 1/2-1/2

[Event "RA Spring op"]
[Site "Ottawa CAN"]
[Date "1997.03.15"]
[Round "1"]
[White "Marshall, Peter"]
[Black "Hergott, Deen"]
[Result "0-1"]
[WhiteElo "2199"]
[BlackElo "2529"]
[PlyCount "82"]
[EventDate "1997.03.15"]
[EventType "swiss"]
[EventRounds "5"]
[EventCountry "CAN"]

1. d4 d5 2. c4 e6 3. Nf3 c6 4. Nc3 Nf6 5. g3 dxc4 6. e4 b5 7. e5 Nd5 8. Bg2 Bb7
9. O-O Be7 10. Ne4 h6 11. h4 Nd7 12. Nh2 c5 13. Qg4 g6 14. h5 g5 15. Be3 Qc7
16. Nf3 Rf8 17. Rfe1 O-O-O 18. a4 a6 19. axb5 axb5 20. dxc5 Nxe3 21. Rxe3 Nxc5
22. Nc3 Qb6 23. Nd4 Bxg2 24. Kxg2 Qb7+ 25. Kg1 Rxd4 26. Qxd4 Nb3 27. Qa7 Nxa1
28. Qxa1 Bc5 29. Re2 Rd8 30. Qa5 Bb6 31. Qb4 Qf3 32. Qxb5 Qxg3+ 33. Kf1 Qh3+
34. Kg1 Kb7 35. Qb4 Rd4 36. Qe7+ Ka6 37. Qa3+ Ba5 38. Re4 Rxe4 39. Nxe4 Qxa3
40. bxa3 c3 41. Nc5+ Kb6 0-1